000 00775nam a2200253Ia 4500
003 OSt
005 20220928131447.0
006 a|||||r|||| 00| 0
007 ta
008 220927b |||||||| |||| 00| 0 eng d
020 _c2000
024 _a109493
037 _b179, 04/10/2010, Vidyanidhi Prakashan
_cTextual
040 _aSDCL
_cSDCL
_beng
041 _2eng
_aeng
082 _aO151:g(Y:1.2), Q0
100 _aTripathi Radhavallabh
245 0 _aPrakrit sahitya aur bhartiya prampraye.
260 _aDelhi
_bNew Bhartiya Book Corporation
_c2010
300 _axxix,445p.
_ccm.
650 _aSanskrit
_9391587
942 _hO151:g(Y:1.2), Q0
_cTEXL
_2CC
999 _c790756
_d790756